000 00777nam a2200241Ia 4500
003 OSt
005 20220926012307.0
006 a|||||r|||| 00| 0
007 ta
008 220923b |||||||| |||| 00| 0 eng d
020 _a9780521189286
_c1848.6300000000001
037 _bRKBA\09-10\5461, 11/03/2015, RAJKIRAN BOOK AGENCY
_cGeneral Book
040 _aRTL
_cRTL
_beng
041 _2eng
_aeng
082 _aY9(W).5, Q3
100 _aFUREDI Frank
_9123513
245 0 _aAuthority
_b A Sociological history
260 _aNew York
_bCambridge University Press
_c2013
300 _aviii,446p
_ccm.
650 _aSociology
942 _hY9(W).5, Q3
_cGB
_2CC
999 _c622403
_d622403